00632 2200193 4500001002100000005001500021035002000036007000300056008004100059020002200100082000800122084001400130100002000144245015900164250001100323260004000334300004600374650001800420INLIS00000000000048220221108075801 a0010-1122000076ta221108 b 1 ind  a978-602-252-690-2 a813 a813 TIM c0 aTim Penulis EFK1 aCerita Rakyat Nusantara 9 :bAsal-usul Minangkabau; Putri Tangguk; Legenda Ikan Patin; Banta Barensyah; Putri Ular; Putri Pinang Gading /cTim Penulis EFK aCet. I aJakarta :bErlangga For Kids,c2015 a83 halaman :bilustrasi berwarna ;c23 cm 4aCerita Rakyat